La réponse est un animal - Statistiques

Statistiques générales
  • Ce quiz a été pris 637 fois
  • Le résultat moyen est 10 sur 20
Statistiques - réponses
Indice Réponse % Correct
Elle n'est pas venu à mon rendez-vous, elle m'a posé un... Lapin
93%
Elle sert à diriger le curseur sur l'ordinateur Souris
91%
Serge qui a chanté "Je suis malade " Lama
87%
Surnom péjoratif attribué aux policiers Poulet
85%
Petit fruit exotique à poils Kiwi
80%
Dit de quelqu'un un peu sot Âne
60%
Sorte d'écharpe en plumes Boa
56%
Se dit de l'héritier du roi Dauphin
55%
Un des trois Inconnus, que nous connaissons pourtant très bien Bourdon
51%
Pour un jeune enfant, quatre nuits sont égales à quatre... Dodo
48%
Ce sont les "tiges" du parapluie Baleine
44%
Nom familier donné à la maladie du cancer Crabe
40%
Coupe de cheveux ou voiture de remplacement des courses automobiles Mulet
39%
Couleur teintée de gris, de marron et de beige Taupe
37%
Le bandit... est une machine à sous au casino Manchot
30%
Pour retirer les toiles d'araignées, on utilise une tête de... Loup
27%
Quand on dit de quelqu'un qu'il est sévère, il est... Vache
23%
Grande tige utilisé pour déboucher les toilettes Furet
17%
Os formant l'ossature du poignet Carpe
16%
Type de piano ou genre de fauteuil Crapaud
14%
Aucun quiz correspondant
Distribution des résultats
% des personnes avec chaque résultat
Percentile par nombre de réponses
Votre historique - résultats
Vous n’avez pas pris ce quiz